Standardised ready reckoner pay table (Record no. 4570)

MARC details
000 -LEADER
fixed length control field 00494nam a2200181Ia 4500
003 - CONTROL NUMBER IDENTIFIER
control field IN-BaIIA
008 - FIXED-LENGTH DATA ELEMENTS--GENERAL INFORMATION
fixed length control field 211028s9999 xx 000 0 eng d
040 ## - CATALOGING SOURCE
Transcribing agency IIA Library
080 ## - UNIVERSAL DECIMAL CLASSIFICATION NUMBER
Universal Decimal Classification number 658.31
Item number MUT
100 ## - MAIN ENTRY--PERSONAL NAME
Personal name Muthuswamy, P
9 (RLIN) 7319
245 #0 - TITLE STATEMENT
Title Standardised ready reckoner pay table
Statement of responsibility, etc. P. Muthuswamy
250 ## - EDITION STATEMENT
Edition statement 4th ed.
260 ## - PUBLICATION, DISTRIBUTION, ETC.
Place of publication, distribution, etc. Madras
Name of publisher, distributor, etc. Swamy Publishers
Date of publication, distribution, etc. 1974
300 ## - PHYSICAL DESCRIPTION
Extent xv, 280p.
650 ## - SUBJECT ADDED ENTRY--TOPICAL TERM
Topical term or geographic name entry element  Central Government Rules
9 (RLIN) 8038
650 ## - SUBJECT ADDED ENTRY--TOPICAL TERM
Topical term or geographic name entry element Others Thesaurus 
9 (RLIN) 8039
942 ## - ADDED ENTRY ELEMENTS (KOHA)
Koha item type Books
Holdings
Withdrawn status Lost status Damaged status Not for loan Home library Current library Shelving location Date acquired Cost, normal purchase price Total Checkouts Full call number Barcode Date last seen Cost, replacement price Price effective from Koha item type Purchase Price
        IIA Library-Bangalore IIA Library-Kodaikanal General Stacks 09/10/1974 10.00   658.31/ MUT 5100 05/11/2021 10.00 09/10/1974 Books Rs. 10.00

Powered by Koha